[Event "POL-chT3 Kujawsko-Pomorskie 2223"]
[Site "Poland"]
[Date "2023.??.??"]
[Round "4.13"]
[White "Lipowski, Adam"]
[Black "Olszewski, Marek"]
[Result "0-1"]
[WhiteElo "1240"]
[BlackElo "1957"]
[PlyCount "58"]
[EventDate "2022.11.13"]
[EventType "team-swiss"]
[EventRounds "7"]
[EventCountry "POL"]
[SourceTitle "EXT 2024"]
[Source "ChessBase"]
[SourceDate "2023.10.10"]
[SourceVersion "1"]
[SourceVersionDate "2023.10.10"]
[SourceQuality "1"]

1. e4 Nc6 2. Nf3 e6 3. b3 d5 4. exd5 exd5 5. Bb2 Nf6 6. Be2 Bd6 7. 0-0 0-0 8. Nc3 a6 9. h3 Bf5 10. Qc1 Qd7 11. Nd1 Nh5 12. Ne5 Nxe5 13. Bxh5 Bxh3 14. d4 Ng6 15. Bxg6 Qg4 16. Bxh7+ Kxh7 17. Ne3 Qg6 18. Qd1 c6 19. Qf3 Bd7 20. a4 Rfe8 21. c4 Re4 22. cxd5 cxd5 23. Nxd5 Bg4 24. Qd3 Be2 25. Qh3+ Kg8 26. Rfe1 Bg4 27. Qh4 Bf3 28. Qh3 Rxe1+ 29. Rxe1 Bxd5 0-1

[Event "POL-chT 2nd League"]
[Site "Jastrzebia Gora"]
[Date "2022.09.05"]
[Round "3.134"]
[White "Olszewski, Marek"]
[Black "Bienias, Piotr"]
[Result "0-1"]
[WhiteElo "1980"]
[BlackElo "1957"]
[PlyCount "78"]
[EventDate "2022.09.03"]
[EventType "team-swiss"]
[EventRounds "9"]
[EventCountry "POL"]
[SourceTitle "CBM 210 Extra"]
[Source "ChessBase"]
[SourceDate "2022.11.30"]
[SourceVersion "1"]
[SourceVersionDate "2022.11.30"]
[SourceQuality "1"]
[WhiteTeam "Bydgoszcz Chemik"]
[BlackTeam "Wroclaw Hetman"]
[WhiteTeamCountry "POL"]
[BlackTeamCountry "POL"]

1. e4 c5 2. Nf3 Nc6 3. Bb5 Nf6 4. Bxc6 dxc6 5. d3 Bg4 6. h3 Bh5 7. Nbd2 Nd7 8. Nf1 f6 9. Ng3 Bf7 10. 0-0 e5 11. Nh2 Qc7 12. f4 c4 13. Be3 cxd3 14. cxd3 Rd8 15. Qc2 exf4 16. Bxf4 Qb6+ 17. Kh1 Bc5 18. Nf3 0-0 19. Nf5 Rfe8 20. b3 Nf8 21. Rad1 Ne6 22. Bh2 Bg6 23. g4 Rd7 24. Qc4 Kh8 25. e5 Bf7 26. exf6 gxf6 27. Qc3 Nd4 28. Bg1 Bd5 29. Bxd4 Bxd4 30. Qd2 Re3 31. Nxe3 Bxe3 32. Qb2 Bd4 33. Qe2 Qc7 34. Qe8+ Kg7 35. Rde1 Rf7 36. Kg2 f5 37. g5 Qf4 38. Re7 Qxg5+ 39. Kh2 Rxe7 0-1

[Event "POL-chT 2nd League"]
[Site "Jastrzebia Gora"]
[Date "2022.09.04"]
[Round "2.123"]
[White "Olszewski, Marek"]
[Black "Miszczak, Dariusz"]
[Result "0-1"]
[WhiteElo "1980"]
[BlackElo "1998"]
[PlyCount "159"]
[EventDate "2022.09.03"]
[EventType "team-swiss"]
[EventRounds "9"]
[EventCountry "POL"]
[SourceTitle "CBM 210 Extra"]
[Source "ChessBase"]
[SourceDate "2022.11.30"]
[SourceVersion "1"]
[SourceVersionDate "2022.11.30"]
[SourceQuality "1"]
[WhiteTeam "Bydgoszcz Chemik"]
[BlackTeam "Marklowice Hetman"]
[WhiteTeamCountry "POL"]
[BlackTeamCountry "POL"]

1. e4 c5 2. Nf3 d6 3. d4 Nf6 4. Nc3 cxd4 5. Qxd4 Nc6 6. Bb5 Bd7 7. Bxc6 bxc6 8. e5 Ng8 9. exd6 exd6 10. 0-0 h6 11. Re1+ Be6 12. Bf4 Nf6 13. Rad1 d5 14. Qa4 Rc8 15. Ne5 Qb6 16. Nxd5 Nxd5 17. Rxd5 Qb4 18. Qxb4 Bxb4 19. Rdd1 Bxe1 20. Rxe1 0-0 21. b3 Rfd8 22. h3 Rd5 23. Nf3 a6 24. c4 Rdd8 25. Re5 Rd1+ 26. Kh2 g5 27. Be3 Rcd8 28. Bb6 R8d6 29. Bc5 R6d3 30. Be3 Ra1 31. Ra5 Bc8 32. Ne5 Rd6 33. Bc5 Re6 34. Bd4 Rd1 35. Be3 f6 36. Nf3 Red6 37. Ra4 Kf7 38. Rb4 Ke6 39. Rb8 Kd7 40. c5 R6d5 41. Rb4 f5 42. g3 Ra1 43. a4 Rb1 44. Nd2 Re1 45. Nf3 Red1 46. Rc4 a5 47. Rc2 Ba6 48. Rb2 Bd3 49. Nd2 Ke6 50. Kg2 Kf6 51. Kf3 Ke5 52. b4 axb4 53. Rxb4 Ra1 54. Rb6 Rxa4 55. Kg2 Ra2 56. f4+ gxf4 57. gxf4+ Ke6 58. Rxc6+ Kd7 59. Rxh6 Rxd2+ 60. Bxd2 Be4+ 61. Kg3 Rxd2 62. Kh4 Rc2 63. Kg5 Rxc5 64. h4 Ke7 65. Rh7+ Kf8 66. h5 Kg8 67. Rd7 Rc6 68. h6 Rc8 69. Kg6 Rc6+ 70. Kg5 Rc1 71. Rd8+ Kf7 72. Rd7+ Ke6 73. Ra7 Rg1+ 74. Kh4 Kf6 75. Ra6+ Kf7 76. Ra7+ Kg8 77. h7+ Kh8 78. Kh5 Rg7 79. Ra1 Kxh7 80. Ra3 0-1

[Event "Kujawsko Pomorskie-ch op 67th"]
[Site "Inowroclaw"]
[Date "2014.08.11"]
[Round "5"]
[White "Olszewski, Marek"]
[Black "Zebracki, Tomasz"]
[Result "0-1"]
[WhiteElo "2042"]
[BlackElo "2009"]
[PlyCount "108"]
[EventDate "2014.08.09"]
[EventType "swiss"]
[EventRounds "9"]
[EventCountry "POL"]
[SourceTitle "EXT 2019"]
[Source "ChessBase"]
[SourceDate "2018.10.10"]
[SourceVersion "1"]
[SourceVersionDate "2018.10.10"]
[SourceQuality "1"]

1. e4 e6 2. d4 d5 3. e5 c5 4. c3 Nc6 5. Nf3 Qb6 6. Be2 cxd4 7. cxd4 Nh6 8. Nc3 Nf5 9. Na4 Qa5+ 10. Bd2 Bb4 11. Bc3 Bxc3+ 12. Nxc3 Qb6 13. Bb5 Bd7 14. Bxc6 Bxc6 15. Qd2 Bb5 16. 0-0-0 0-0-0 17. Kb1 Kb8 18. Rc1 h6 19. Nd1 Rc8 20. Ne3 Nxe3 21. fxe3 f5 22. h4 Qa6 23. Rhg1 Be2 24. b3 Qd3+ 25. Kb2 Qxd2+ 26. Nxd2 g5 27. Rh1 Rxc1 28. Rxc1 Bd3 29. Rh1 Rc8 30. Rc1 Rg8 31. Rh1 gxh4 32. Rxh4 Rxg2 33. Kc3 Be4 34. Rxh6 Rg3 35. Nxe4 fxe4 36. Kd2 Rg2+ 37. Kd1 Rg3 38. Ke2 Rg2+ 39. Ke1 Rxa2 40. Rxe6 Kc7 41. Rd6 Ra5 42. Kd2 Rb5 43. Kc3 Ra5 44. Kb4 b6 45. Kc3 Rb5 46. Rh6 Ra5 47. Rh7+ Kc6 48. Rh6+ Kd7 49. Kb4 Ke7 50. Rc6 Ke8 51. Kc3 Rb5 52. Kc2 Ra5 53. Kb1 Rb5 54. Kb2 Ra5 0-1

[Event "POL-chT3 Kujawsko Pomorskie 1314"]
[Site "Poland"]
[Date "2014.??.??"]
[Round "10.7"]
[White "Olszewski, Marek"]
[Black "Darowicki, Mariusz"]
[Result "1-0"]
[WhiteElo "2044"]
[BlackElo "1894"]
[PlyCount "101"]
[EventDate "2013.11.03"]
[EventType "team-tourn"]
[EventRounds "11"]
[EventCountry "POL"]
[SourceTitle "EXT 2018"]
[Source "ChessBase"]
[SourceDate "2017.10.13"]
[SourceVersion "1"]
[SourceVersionDate "2017.10.13"]
[SourceQuality "1"]
[WhiteTeam "Bydgoszcz Chemik II"]
[BlackTeam "Swiecie Gambit"]
[WhiteTeamCountry "POL"]
[BlackTeamCountry "POL"]

1. e4 e6 2. d4 d5 3. e5 c5 4. c3 Nc6 5. Nf3 Qb6 6. Be2 Bd7 7. 0-0 Rc8 8. b3 cxd4 9. cxd4 Nge7 10. Bb2 Ng6 11. g3 h5 12. Nc3 h4 13. Na4 Qd8 14. Rc1 Nb4 15. Nc3 Be7 16. a3 Nc6 17. b4 Nb8 18. Bd3 hxg3 19. fxg3 Bg5 20. Rc2 0-0 21. Bc1 Bxc1 22. Rxc1 Be8 23. h4 Ne7 24. Ng5 g6 25. Qf3 Nf5 26. Bxf5 Rxc3 27. Qxc3 exf5 28. Qc7 Bb5 29. Qxd8 Rxd8 30. Rf2 Nc6 31. Nf3 Kg7 32. Rd2 a6 33. Kf2 Rd7 34. Ke3 f6 35. Kf4 Bc4 36. Re1 fxe5+ 37. Nxe5 Re7 38. Nf3 Re4+ 39. Rxe4 fxe4 40. Ne5 Nxe5 41. Kxe5 e3 42. Rd1 e2 43. Re1 g5 44. h5 Kh6 45. g4 a5 46. bxa5 Kh7 47. Kd6 Kg7 48. Kc7 Ba6 49. Kb6 Kf6 50. Kc5 Bc4 51. Kb4 1-0

[Event "POL-chT3 Kujawsko Pomorskie 1213"]
[Site "Poland"]
[Date "2013.01.06"]
[Round "5.14"]
[White "Olszewski, Marek"]
[Black "Kowalski, Roman"]
[Result "1-0"]
[WhiteElo "2055"]
[BlackElo "1602"]
[PlyCount "57"]
[EventDate "2012.11.04"]
[EventType "team-tourn"]
[EventRounds "11"]
[EventCountry "POL"]
[SourceTitle "EXT 2015"]
[Source "ChessBase"]
[SourceDate "2014.11.20"]
[SourceVersion "1"]
[SourceVersionDate "2014.11.20"]
[SourceQuality "1"]
[WhiteTeam "Bydgoszcz Chemik II"]
[BlackTeam "Bydgoszcz Emdek"]
[WhiteTeamCountry "POL"]
[BlackTeamCountry "POL"]

1. e4 e5 2. Nc3 Nc6 3. f4 g6 4. fxe5 Nxe5 5. d4 Nc6 6. Nf3 Bg7 7. Bc4 d6 8. 0-0 Bg4 9. Be3 Qd7 10. h3 Bxf3 11. Rxf3 f6 12. Bb5 a6 13. Ba4 b5 14. Bb3 Na5 15. Nd5 Rb8 16. Nf4 Nxb3 17. axb3 Ra8 18. Nd5 Ra7 19. c4 c6 20. Nb4 a5 21. d5 c5 22. Nc6 Rb7 23. Rxa5 b4 24. Ra8+ Kf7 25. Nd8+ Ke7 26. e5 Rc7 27. exd6+ Qxd6 28. Bf4 Qxd8 29. Qe2+ 1-0

[Event "POL-chT3 Kujawsko Pomorskie 1314"]
[Site "Poland"]
[Date "2013.??.??"]
[Round "2.17"]
[White "Grochowalski, Pawel"]
[Black "Olszewski, Marek"]
[Result "1-0"]
[WhiteElo "2073"]
[BlackElo "2044"]
[PlyCount "89"]
[EventDate "2013.11.03"]
[EventType "team-tourn"]
[EventRounds "11"]
[EventCountry "POL"]
[SourceTitle "EXT 2015"]
[Source "ChessBase"]
[SourceDate "2014.11.20"]
[SourceVersion "1"]
[SourceVersionDate "2014.11.20"]
[SourceQuality "1"]
[WhiteTeam "Wloclawek 1938"]
[BlackTeam "Bydgoszcz Chemik II"]
[WhiteTeamCountry "POL"]
[BlackTeamCountry "POL"]

1. d4 Nf6 2. Bg5 d5 3. Bxf6 gxf6 4. e3 c5 5. c3 e6 6. Nd2 Nc6 7. Bd3 cxd4 8. exd4 Bd6 9. Qf3 Bd7 10. Ne2 f5 11. 0-0-0 Qh4 12. g3 Qh6 13. Kb1 0-0-0 14. Nb3 Kb8 15. Bc2 Qg5 16. Qd3 b6 17. f4 Qe7 18. Ng1 h5 19. Nf3 f6 20. Nh4 Qg7 21. Rhe1 Ne7 22. Nd2 Bc7 23. Ndf3 Nc8 24. c4 dxc4 25. Qxc4 b5 26. Qb3 Nb6 27. Bd3 a6 28. Rc1 Rc8 29. d5 Nxd5 30. Nxf5 Qf8 31. N5d4 Qd6 32. Be4 Ba5 33. Red1 Rxc1+ 34. Kxc1 Rc8+ 35. Kb1 f5 36. Nxf5 Qc5 37. N5d4 Nf6 38. Bc2 Qd5 39. Ne5 Be8 40. Ndc6+ Bxc6 41. Rxd5 Bxd5 42. Qa3 Bc7 43. Qxa6 Bb7 44. Nc6+ Bxc6 45. Qxc6 1-0

[Event "Kujawsko Pomorskie-ch op-A 65th"]
[Site "Szubin"]
[Date "2012.08.15"]
[Round "7.5"]
[White "Olszewski, Marek"]
[Black "Zebracki, Tomasz"]
[Result "0-1"]
[WhiteElo "2084"]
[BlackElo "1942"]
[PlyCount "26"]
[EventDate "2012.08.09"]
[EventType "swiss"]
[EventRounds "9"]
[EventCountry "POL"]
[SourceTitle "EXT 2023"]
[Source "ChessBase"]
[SourceDate "2022.10.05"]
[SourceVersion "1"]
[SourceVersionDate "2022.10.05"]
[SourceQuality "1"]

1. e4 e6 2. d4 d5 3. exd5 exd5 4. Bd3 Bd6 5. Qf3 Nf6 6. Bf4 0-0 7. Bxd6 Qxd6 8. c3 c5 9. dxc5 Qxc5 10. Ne2 Re8 11. 0-0 Bg4 12. Qg3 Bxe2 13. Bxe2 Rxe2 0-1

[Event "POL-chT3 1112"]
[Site "Poland"]
[Date "2012.03.11"]
[Round "8.25"]
[White "Ziolkowski, Dawid"]
[Black "Olszewski, Marek"]
[Result "1-0"]
[WhiteElo "2152"]
[BlackElo "2076"]
[PlyCount "101"]
[EventDate "2011.11.06"]
[EventType "team-tourn"]
[EventRounds "11"]
[EventCountry "POL"]
[SourceTitle "EXT 2015"]
[Source "ChessBase"]
[SourceDate "2014.11.20"]
[SourceVersion "1"]
[SourceVersionDate "2014.11.20"]
[SourceQuality "1"]
[WhiteTeam "Bydgoszcz SSz Pocztowiec"]
[BlackTeam "Bydgoszcz Chemik II"]
[WhiteTeamCountry "POL"]
[BlackTeamCountry "POL"]

1. e4 Nc6 2. Bb5 Nd4 3. Bc4 b5 4. Bxf7+ Kxf7 5. Qh5+ g6 6. Qd5+ e6 7. Qxd4 Bg7 8. Qe3 Nf6 9. e5 Nd5 10. Qf3+ Ke8 11. d4 Bb7 12. Qg4 c5 13. Nf3 Nb4 14. Na3 Bxf3 15. Qxf3 cxd4 16. Bg5 Qxg5 17. Qxa8+ Ke7 18. Qe4 Bxe5 19. 0-0 Nd5 20. Rae1 Bb8 21. g3 Nf6 22. Qxd4 h5 23. Qb4+ Bd6 24. Qxb5 Qg4 25. Qc4 Qf5 26. Nb5 Bb8 27. Qb4+ Kf7 28. Nd6+ Bxd6 29. Qxd6 h4 30. Qf4 Qxc2 31. g4 g5 32. Qd4 h3 33. Qc3 Qa4 34. f3 Qxa2 35. Re5 Qa6 36. Qe3 Rg8 37. Re1 Qc6 38. Rc1 Qb7 39. Rc2 Qa6 40. Rc7 Qa1+ 41. Qc1 Qa4 42. Rc4 Qb3 43. Qc3 Qb6+ 44. Qd4 Qb7 45. Kf2 Qb3 46. Rc7 Ke7 47. Rxa7 Rc8 48. Re2 Rc4 49. Ra3 Qb5 50. Qd3 Qc5+ 51. Qe3 1-0

[Event "POL-chT3 1112"]
[Site "Poland"]
[Date "2012.01.??"]
[Round "5.19"]
[White "Olszewski, Marek"]
[Black "Stolarczyk, Adam"]
[Result "1-0"]
[WhiteElo "2076"]
[BlackElo "2168"]
[PlyCount "64"]
[EventDate "2011.11.06"]
[EventType "team-tourn"]
[EventRounds "11"]
[EventCountry "POL"]
[SourceTitle "EXT 2015"]
[Source "ChessBase"]
[SourceDate "2014.11.20"]
[SourceVersion "1"]
[SourceVersionDate "2014.11.20"]
[SourceQuality "1"]
[WhiteTeam "Bydgoszcz Chemik II"]
[BlackTeam "Swiecie Gambit"]
[WhiteTeamCountry "POL"]
[BlackTeamCountry "POL"]

1. e4 d6 2. d4 Nf6 3. Nc3 g6 4. Bc4 Bg7 5. Nf3 0-0 6. Qe2 c6 7. e5 Nd5 8. Bd2 Nxc3 9. Bxc3 d5 10. Bd3 Bg4 11. h3 Bxf3 12. Qxf3 e6 13. h4 c5 14. h5 Nc6 15. hxg6 hxg6 16. Qh3 Re8 17. f4 cxd4 18. Bd2 Qb6 19. Qh7+ Kf8 20. 0-0 a5 21. g4 Nb4 22. Rae1 Nxd3 23. cxd3 Ra6 24. b3 Qb5 25. Rf3 Qd7 26. Re2 Qc7 27. Be1 Rc6 28. Bh4 Rc1+ 29. Kg2 Rc2 30. Rff2 Rc6 31. Bf6 Bxf6 32. exf6 Rd8 1-0

[Event "POL-chT3 1112"]
[Site "Poland"]
[Date "2011.12.11"]
[Round "3.25"]
[White "Olszewski, Marek"]
[Black "Krainski, Jaroslaw"]
[Result "1-0"]
[WhiteElo "2076"]
[BlackElo "2033"]
[PlyCount "89"]
[EventDate "2011.11.06"]
[EventType "team-tourn"]
[EventRounds "11"]
[EventCountry "POL"]
[SourceTitle "EXT 2015"]
[Source "ChessBase"]
[SourceDate "2014.11.20"]
[SourceVersion "1"]
[SourceVersionDate "2014.11.20"]
[SourceQuality "1"]
[WhiteTeam "Bydgoszcz Chemik II"]
[BlackTeam "Grudziadz Rotmistrz III"]
[WhiteTeamCountry "POL"]
[BlackTeamCountry "POL"]

1. e4 c6 2. Nc3 d5 3. Nf3 Bg4 4. h3 Bh5 5. exd5 cxd5 6. g4 Bg6 7. Bb5+ Nc6 8. Ne5 Rc8 9. d4 e6 10. h4 f6 11. Nxg6 hxg6 12. a3 Bd6 13. Be3 a6 14. Bd3 f5 15. gxf5 gxf5 16. Qf3 Nge7 17. Ne2 b5 18. Bf4 Bxf4 19. Qxf4 Qa5+ 20. Kf1 Qc7 21. Qg5 g6 22. Re1 Kd7 23. c3 Rh5 24. Qe3 Rch8 25. Nf4 Rxh4 26. Rxh4 Rxh4 27. Qxe6+ Kd8 28. Nxg6 Rh1+ 29. Ke2 Rxe1+ 30. Kxe1 Qh2 31. Nf8 Qh1+ 32. Kd2 Ke8 33. Nd7 Qf3 34. Nf6+ Kf8 35. Qe3 Qh1 36. Nd7+ Kf7 37. Nc5 Qa1 38. Kc2 Qg1 39. Nxa6 Qh2 40. Nc5 f4 41. Qe6+ Kf8 42. Qe2 b4 43. axb4 Qh4 44. Qf3 Qh6 45. Qxf4+ 1-0

[Event "Torun Region-ch op"]
[Site "Chelmza"]
[Date "2010.10.10"]
[Round "4.2"]
[White "Gajek, Radoslaw"]
[Black "Olszewski, Marek"]
[Result "0-1"]
[WhiteElo "1930"]
[BlackElo "2128"]
[PlyCount "76"]
[EventDate "2010.10.08"]
[EventType "swiss"]
[EventRounds "5"]
[EventCountry "POL"]
[SourceTitle "EXT 2023"]
[Source "ChessBase"]
[SourceDate "2022.10.05"]
[SourceVersion "1"]
[SourceVersionDate "2022.10.05"]
[SourceQuality "1"]

1. e4 e6 2. d4 d5 3. Nd2 Nc6 4. c3 e5 5. exd5 Qxd5 6. Ngf3 exd4 7. Bc4 Qh5 8. cxd4 Nf6 9. 0-0 Be7 10. Re1 0-0 11. b3 Bd6 12. Bb2 Nb4 13. Ne5 Qxd1 14. Rexd1 Bf5 15. Ndf3 Nbd5 16. h3 h6 17. g4 Be6 18. g5 hxg5 19. Nxg5 Bf5 20. Kh1 c6 21. a4 Ne4 22. Nxe4 Bxe4+ 23. f3 Bf5 24. Rg1 Bxh3 25. Rg3 Bf5 26. Rag1 g6 27. Rg5 Kg7 28. R1g3 Kf6 29. Kg1 Rh8 30. Bxd5 cxd5 31. Rg2 Rac8 32. R5g3 Rc2 33. Rg5 Rhc8 34. R5g3 Rxg2+ 35. Rxg2 Rc2 36. Nd7+ Ke7 37. Nc5 Rxg2+ 38. Kxg2 b6 0-1

[Event "Torun Region-ch op"]
[Site "Chelmza"]
[Date "2010.10.09"]
[Round "2.3"]
[White "Sliwicki, Damian"]
[Black "Olszewski, Marek"]
[Result "1/2-1/2"]
[WhiteElo "1852"]
[BlackElo "2128"]
[PlyCount "198"]
[EventDate "2010.10.08"]
[EventType "swiss"]
[EventRounds "5"]
[EventCountry "POL"]
[SourceTitle "EXT 2023"]
[Source "ChessBase"]
[SourceDate "2022.10.05"]
[SourceVersion "1"]
[SourceVersionDate "2022.10.05"]
[SourceQuality "1"]

1. e4 e6 2. d4 d5 3. Nc3 Nf6 4. Bg5 Bb4 5. e5 h6 6. Be3 Ne4 7. Qg4 Kf8 8. Bd3 Nxc3 9. a3 Ba5 10. Bd2 c5 11. bxc3 cxd4 12. cxd4 Bxd2+ 13. Kxd2 b6 14. Ne2 Ba6 15. Bxa6 Nxa6 16. f4 g6 17. h4 h5 18. Qf3 Nb8 19. c4 Nc6 20. Rac1 Ne7 21. c5 Kg7 22. Ke1 Rc8 23. Kf2 Nf5 24. g3 bxc5 25. dxc5 Qe7 26. Qc3 Rc6 27. Nd4 Nxd4 28. Qxd4 Rhc8 29. Rc3 Rxc5 30. Rhc1 Rc4 31. Rxc4 dxc4 32. Rxc4 Rd8 33. Qc3 Qb7 34. Rd4 Qb6 35. Ke3 a5 36. a4 Rb8 37. Qc2 Qb7 38. Rd3 Qb4 39. Kf3 Qb7+ 40. Ke3 Qh1 41. Rd1 Qb7 42. Rd3 Qa7+ 43. Kf3 Qa8+ 44. Ke3 Qa7+ 45. Kf3 Rb4 46. Qc8 Rb8 47. Qc2 Qe7 48. Rb3 Rd8 49. Rd3 Qb7+ 50. Ke3 Rc8 51. Rc3 Qb6+ 52. Kf3 Rb8 53. Kg2 Qd4 54. Kh3 Rb4 55. Rd3 Qe4 56. Rd2 Qxc2 57. Rxc2 Rxa4 58. Rc8 Ra2 59. Ra8 a4 60. Rb8 a3 61. Ra8 Ra1 62. Kg2 a2 63. Kh2 g5 64. hxg5 Kg6 65. Ra7 Kg7 66. Ra8 Kh7 67. Ra6 Kg7 68. Ra8 h4 69. g4 Rf1 70. Rxa2 Rxf4 71. Kh3 Re4 72. Ra5 Kg6 73. Kxh4 Re1 74. Rb5 Rh1+ 75. Kg3 Kxg5 76. Rb8 Rg1+ 77. Kf3 Rf1+ 78. Kg3 Ra1 79. Rg8+ Kh6 80. Kf4 Ra4+ 81. Kf3 Kh7 82. Rg5 Kh8 83. Kg3 Ra5 84. Kf3 Kh7 85. Kf4 Ra4+ 86. Kf3 Ra8 87. Kf4 Ra1 88. Kf3 Ra8 89. Kf4 Rg8 90. Rh5+ Kg7 91. Rg5+ Kf8 92. Rxg8+ Kxg8 93. Kg5 Kg7 94. Kh5 Kh7 95. g5 Kg7 96. g6 fxg6+ 97. Kg5 Kf7 98. Kh6 g5 99. Kxg5 Kg7 1/2-1/2

[Event "POL-chT 2st League"]
[Site "Mrzezyno"]
[Date "2010.09.07"]
[Round "4.35"]
[White "Olszewski, Marek"]
[Black "Labuda, Michal"]
[Result "1-0"]
[WhiteElo "2128"]
[BlackElo "1891"]
[PlyCount "73"]
[EventDate "2010.09.04"]
[EventType "team-swiss"]
[EventRounds "9"]
[EventCountry "POL"]
[SourceTitle "EXT 2019"]
[Source "ChessBase"]
[SourceDate "2018.10.10"]
[SourceVersion "1"]
[SourceVersionDate "2018.10.10"]
[SourceQuality "1"]
[WhiteTeam "Bydgoszcz Chemik"]
[BlackTeam "Wroclaw Hetman"]
[WhiteTeamCountry "POL"]
[BlackTeamCountry "POL"]

1. e4 c5 2. Nf3 d6 3. d4 cxd4 4. Qxd4 a6 5. c4 Nc6 6. Qd1 Bg4 7. Nc3 Nf6 8. Be2 g6 9. Be3 Bg7 10. 0-0 0-0 11. Qd2 Nd7 12. Bh6 Bxf3 13. Bxf3 Bxh6 14. Qxh6 Nd4 15. b3 e5 16. Bg4 Nf6 17. Bh3 Qa5 18. Rac1 b5 19. cxb5 axb5 20. Qe3 b4 21. Na4 Nh5 22. g3 Ng7 23. f4 Qb5 24. Rf2 f5 25. Bf1 Qa5 26. Bc4+ Kh8 27. Bd5 Rac8 28. Rxc8 Rxc8 29. fxe5 dxe5 30. Qg5 Qa7 31. Kg2 Rf8 32. Nb2 Nge6 33. Qd2 Nc5 34. Nc4 Rd8 35. Qg5 Re8 36. Nxe5 Rxe5 37. Qf6+ 1-0

[Event "POL-chT 2st League"]
[Site "Mrzezyno"]
[Date "2010.09.04"]
[Round "1.5"]
[White "Adamowicz, Katarzyna"]
[Black "Olszewski, Marek"]
[Result "0-1"]
[WhiteElo "2147"]
[BlackElo "2128"]
[PlyCount "92"]
[EventDate "2010.09.04"]
[EventType "team-swiss"]
[EventRounds "9"]
[EventCountry "POL"]
[SourceTitle "EXT 2019"]
[Source "ChessBase"]
[SourceDate "2018.10.10"]
[SourceVersion "1"]
[SourceVersionDate "2018.10.10"]
[SourceQuality "1"]
[WhiteTeam "Koszalin Hetman Politechnika"]
[BlackTeam "Bydgoszcz Chemik"]
[WhiteTeamCountry "POL"]
[BlackTeamCountry "POL"]

1. e4 e6 2. d4 d5 3. Nc3 Nf6 4. e5 Nfd7 5. Nf3 c5 6. dxc5 Nc6 7. Bf4 Nxc5 8. Be2 Be7 9. 0-0 a6 10. Re1 0-0 11. Bf1 f6 12. Bg3 f5 13. Qd2 Ne4 14. Qc1 b5 15. Bd3 Bb4 16. Bxe4 fxe4 17. Nd2 Bc5 18. Nb3 Bb6 19. Rd1 Qe8 20. Qd2 Ra7 21. a4 b4 22. Ne2 Raf7 23. Rf1 a5 24. Nbd4 Ba6 25. Nxc6 Qxc6 26. h3 Rc8 27. Rfc1 Qc4 28. Nf4 d4 29. Qd1 Rcf8 30. Qg4 e3 31. fxe3 dxe3 32. Qxe6 Qxe6 33. Nxe6 e2+ 34. Kh2 Re8 35. Ng5 Rf1 36. Nf3 Be3 37. Re1 h6 38. c3 bxc3 39. bxc3 Rc8 40. Rab1 Rxc3 41. e6 Rc8 42. Rb3 Ba7 43. e7 Re8 44. Bd6 Bg1+ 45. Nxg1 Rxe1 46. Rf3 Rf1 0-1

[Event "Znin op"]
[Site "Znin"]
[Date "2010.06.27"]
[Round "1"]
[White "Haja, Jacek"]
[Black "Olszewski, Marek"]
[Result "1/2-1/2"]
[WhiteElo "1778"]
[BlackElo "2148"]
[PlyCount "61"]
[EventDate "2010.06.27"]
[EventType "swiss"]
[EventRounds "9"]
[EventCountry "POL"]
[SourceTitle "CBM 137 Extra"]
[Source "ChessBase"]
[SourceDate "2010.09.01"]
[SourceVersion "1"]
[SourceVersionDate "2010.09.01"]
[SourceQuality "1"]

1. e4 Nc6 2. d4 d5 3. e5 Bf5 4. Bb5 e6 5. Nf3 a6 6. Bxc6+ bxc6 7. Be3 Qb8 8. b3 Ne7 9. 0-0 Ng6 10. Nbd2 Be7 11. h3 h5 12. c4 Nf8 13. c5 Qd8 14. Kh2 g5 15. Ng1 f6 16. f4 g4 17. Qe2 Kd7 18. Bf2 Ng6 19. g3 fxe5 20. dxe5 h4 21. hxg4 hxg3+ 22. Kxg3 Bh4+ 23. Kf3 Nxf4 24. Bxh4 Qxh4 25. Kxf4 Raf8 26. Ke3 d4+ 27. Kxd4 Bxg4 28. Qe4 Qh2 29. Kc3 Bf5 30. Qd4+ Kc8 31. Ngf3 1/2-1/2

[Event "Torun-Bydgoszcz"]
[Site "Torun"]
[Date "2009.12.13"]
[Round "?.6"]
[White "Olszewski, Marek"]
[Black "Tokarski, Bartosz"]
[Result "0-1"]
[WhiteElo "2148"]
[BlackElo "2185"]
[PlyCount "86"]
[EventDate "2009.12.13"]
[EventType "team-match"]
[EventRounds "1"]
[EventCountry "POL"]
[SourceTitle "EXT 2018"]
[Source "ChessBase"]
[SourceDate "2017.10.13"]
[SourceVersion "1"]
[SourceVersionDate "2017.10.13"]
[SourceQuality "1"]

1. e4 c5 2. Nf3 d6 3. d4 Nf6 4. Nc3 cxd4 5. Qxd4 a6 6. e5 Nc6 7. Qa4 Ng4 8. exd6 Qb6 9. Nd1 Bd7 10. dxe7 Bxe7 11. Be2 Bb4+ 12. c3 Nd4 13. Qxd7+ Kxd7 14. Nxd4 Qxd4 15. 0-0 Qe5 16. Bxg4+ f5 17. Ne3 fxg4 18. cxb4 Rad8 19. Nc4 Qe4 20. b3 b5 21. Na5 Qxb4 22. Nb7 Rde8 23. a3 Qc3 24. Bf4 Ke7 25. Bd6+ Kf6 26. Rac1 Qd2 27. Bb4 Qd5 28. Rc7 Rhg8 29. Rfc1 Rc8 30. h3 gxh3 31. Be7+ Kg6 32. gxh3 Rxc7 33. Rxc7 Re8 34. Bb4 Rb8 35. Nc5 Qg5+ 36. Kf1 Qf5 37. Rc6+ Kh5 38. Ne6 Qxh3+ 39. Kg1 Qg4+ 40. Kh2 Re8 41. Rc5+ Kh4 42. Nc7 Qf4+ 43. Kg1 Re2 0-1

[Event "Bydgoszcz op"]
[Site "Bydgoszcz"]
[Date "2009.10.09"]
[Round "1"]
[White "Trepkowski, Piotr"]
[Black "Olszewski, Marek"]
[Result "0-1"]
[WhiteElo "1868"]
[BlackElo "2155"]
[PlyCount "62"]
[EventDate "2009.10.09"]
[EventType "swiss"]
[EventRounds "5"]
[EventCountry "POL"]
[SourceTitle "CBM 132 Extra"]
[Source "ChessBase"]
[SourceDate "2009.11.03"]
[SourceVersion "1"]
[SourceVersionDate "2009.11.03"]
[SourceQuality "1"]

1. e4 Nc6 2. d4 d5 3. exd5 Qxd5 4. Nf3 e5 5. dxe5 Qxd1+ 6. Kxd1 Bg4 7. Bf4 0-0-0+ 8. Kc1 Nge7 9. Bd3 Ng6 10. Bxg6 hxg6 11. Ng5 Nd4 12. Nc3 Bb4 13. Be3 Rhf8 14. Bxd4 Rxd4 15. f3 Bd7 16. Rd1 Rh4 17. Nd5 Bc5 18. Ne4 Bb6 19. Nxb6+ axb6 20. h3 Bc6 21. Ng5 Rh5 22. f4 Bxg2 23. Rd3 Rh4 24. Kd2 Rxf4 25. Rd1 Rf5 26. e6 Rxg5 27. e7 Re8 28. Kc1 Rd5 29. Rxd5 Bxd5 30. Rxd5 Rxe7 31. Kd2 Rd7 0-1